व्यक्तित्व -विकास : (Record no. 120539)

MARC details
000 -LEADER
fixed length control field 01234nam a22002657a 4500
005 - DATE AND TIME OF LATEST TRANSACTION
control field 20170124103159.0
010 ## - LIBRARY OF CONGRESS CONTROL NUMBER
LC control number A-885879
020 ## - INTERNATIONAL STANDARD BOOK NUMBER
Terms of availability 200.00
International Standard Book Number 8170163838
035 ## - SYSTEM CONTROL NUMBER
System control number A-885879
037 ## - SOURCE OF ACQUISITION
Source of stock number/acquisition Cen Lib/Ret
040 ## - CATALOGING SOURCE
Original cataloging agency DPL
Language of cataloging HN
082 ## - DEWEY DECIMAL CLASSIFICATION NUMBER
Classification number 155.25
Item number हरद
100 ## - MAIN ENTRY--PERSONAL NAME
Personal name हरदयाल
9 (RLIN) 500
245 ## - TITLE STATEMENT
Title व्यक्तित्व -विकास :
Statement of responsibility, etc हरदयाल; अनुवादक सत्यपाल विज
Remainder of title संघर्ष और सफलता /
246 ## - VARYING FORM OF TITLE
Title proper/short title Vyaktitva-vikas : sangharsh aur saphalta /
Remainder of title by Har Dyal; anuvadak Satya Pal Vij
260 ## - PUBLICATION, DISTRIBUTION, ETC. (IMPRINT)
Place of publication, distribution, etc नई दिल्ली
Name of publisher, distributor, etc किताबघर
Date of publication, distribution, etc 1997
270 ## - ADDRESS
Address 24, अंसारी रोड, दरियागंज
City नई दिल्ली
Postal code 110002
300 ## - PHYSICAL DESCRIPTION
Extent 330पृ.
Dimensions 21सेमी (सजिल्द)
650 ## - SUBJECT ADDED ENTRY--TOPICAL TERM
Topical term or geographic name as entry element बौद्धिक विकास -- मनो विज्ञान
9 (RLIN) 85763
650 ## - SUBJECT ADDED ENTRY--TOPICAL TERM
Topical term or geographic name as entry element व्यक्तिक नैतिकता
9 (RLIN) 90947
650 ## - SUBJECT ADDED ENTRY--TOPICAL TERM
Topical term or geographic name as entry element Intellectual Development -- Psychology
9 (RLIN) 90948
650 ## - SUBJECT ADDED ENTRY--TOPICAL TERM
Topical term or geographic name as entry element Individual morality
9 (RLIN) 90949
700 ## - ADDED ENTRY--PERSONAL NAME
Personal name सत्यपाल विज
9 (RLIN) 90950
942 ## - ADDED ENTRY ELEMENTS (KOHA)
Source of classification or shelving scheme Dewey Decimal Classification
Koha item type Hindi Books
Classification part 155.25
Call number suffix हरदयाल
Holdings
Withdrawn status Lost status Damaged status Not for loan Home library Current library Date acquired Source of acquisition Cost, normal purchase price Total Checkouts Total Renewals Full call number Barcode Date last seen Date checked out Copy number Cost, replacement price Price effective from Koha item type
        Central Library Central Library 23/09/2015 Cen Lib/Ret 200.00 1 1 155.25 हरद A-885879 23/01/2019 15/12/2018 1 200.00 23/09/2015 Hindi Books

© Delhi Public Library
Hit Counter
free hit counter